000 00265nam a2200109Ia 4500
008 200302s9999 xx 000 0 und d
100 _aPercy Brown
245 _aIndian Architecture (Budist and Hindu)
260 _bKiran Book Agency
260 _c-
300 _a216 P.,
999 _c3040
_d3040